Proceedings of the 1st Conference on Mechanics: Results and Prospects of Joint Research in the Academies of Sciences of Socialist Countries, Praha, 29. 6. - 3. 7. 1987 / TOM 1 Volume

Enregistré dans:
Détails bibliographiques
Autres auteurs: Němec, Jaroslav (Éditeur intellectuel)
Format: Livre
Langue:russe
anglais
Publié: Praha: Czechoslovak Academy of Sciences, 1987
Tags: Ajouter un tag
Pas de tags, Soyez le premier à ajouter un tag!

MARC

LEADER 00000nam a22000003a 4500
001 0023618
003 SK-STU
005 20170511142245.9
007 ta
008 170427s ----xo-----e------000-0-----d
040 |a STU  |b slo 
041 0 |a rus  |a eng  |h rus 
044 |a xr 
100 1 |a Němec, Jaroslav  |4 edt 
245 1 0 |a Proceedings of the 1st Conference on Mechanics:  |b Results and Prospects of Joint Research in the Academies of Sciences of Socialist Countries, Praha, 29. 6. - 3. 7. 1987 /  |c ed. Jaroslav Němec:  |n TOM 1 Volume 
260 |a Praha:  |b Czechoslovak Academy of Sciences,  |c 1987 
300 |a 220 s. 
996 |b 284V028496  |c V* 2462/sc-17  |d TOM 1 Volume  |l VVT  |s A  |a 24  |w 0023618_0001